|
|
|
|
| LEADER |
00880cam a2200253 7i4500 |
| 001 |
0000069876 |
| 005 |
20220720090000.0 |
| 020 |
|
|
|a 9781492597704 (electronic book)
|
| 020 |
|
|
|a 9781492597674
|
| 090 |
0 |
0 |
|a QP303
|b .S36 2021
|
| 100 |
1 |
|
|a Schoenfeld, Brad
|
| 245 |
1 |
0 |
|a Science and development of muscle hypertrophy
|c Brad Schoenfeld.
|
| 250 |
|
|
|a Second edition.
|
| 264 |
|
|
|a Champaign, IL:
|b Human Kinetics,
|c 2021.
|
| 300 |
|
|
|a 1 online resource (vii, 301 pages):
|b color illustrations, text file, PDF.
|
| 336 |
|
|
|a text
|2 rdacontent
|
| 337 |
|
|
|a computer
|2 rdamedia
|
| 338 |
|
|
|a online resource
|2 rdacarrier
|
| 650 |
|
0 |
|a Exercise
|
| 650 |
|
0 |
|a Muscles --
|x Hypertrophy
|
| 655 |
|
0 |
|a Electronic books
|
| 856 |
4 |
2 |
|u http://library.unisel.edu.my/web/guest/mylibrary
|
| 998 |
|
|
|a Sport Management Industry, Diploma
|
| 999 |
|
|
|a EBO0013510
|b EBOOK
|c EBOOK
|e Electronic resources
|